[Event "WY U-16 Chess Olympiad 2019"]
[Site "Corum"]
[Date "2019.10.29"]
[Round "1"]
[White "Sindarov, Javokhir"]
[Black "Jordanov Mihail"]
[Result "1-0"]
[WhiteElo "2513"]
[BlackElo "2080"]
[Annotator "TA"]
[PlyCount "45"]
[EventDate "2019.10.28"]
[EventType "team-tourn"]
[EventCountry "TUR"]
[SourceTitle "playchess.com"]
[Source "ChessBase"]
[SourceQuality "1"]

1. e4 e5 2. Nf3 Nc6 3. Bb5 a6 4. Ba4 Nf6 5. O-O b5 6. Bb3 Be7 7. a4 Bb7 8. d3 O-O 9. Nc3 b4 10. Nd5 a5 11. c3 bxc3 12. bxc3 d6 13. h3 Nb8 14. Nxe7+ Qxe7 15. Nh4 d5 16. Nf5 Qd7 17. f4 exf4 18. Bxf4 dxe4 19. Nxg7 Kxg7 20. Be5 Ra6 21. Qh5 Rg8 22. Bxf6+ Kf8 23. Be7+ 1-0

[Event "WY U-16 Chess Olympiad 2019"]
[Site "Corum"]
[Date "2019.10.29"]
[Round "1"]
[White "Galperin, Platon"]
[Black "Stefansson, Vignir Vatnar"]
[Result "1/2-1/2"]
[WhiteElo "2469"]
[BlackElo "2327"]
[Annotator "ChessBase"]
[PlyCount "49"]
[EventDate "2019.10.28"]
[EventType "team-tourn"]
[EventCountry "TUR"]
[SourceTitle "playchess.com"]
[Source "ChessBase"]
[SourceQuality "1"]

1. d4 Nf6 2. c4 e6 3. Nf3 d5 4. Nc3 Be7 5. g3 O-O 6. Bg2 b6 7. O-O Bb7 8. Ne5 Nbd7 9. Qa4 Nxe5 10. dxe5 Ne4 11. Nxe4 dxe4 12. Rd1 Qe8 13. Qc2 Rd8 14. Rxd8 Qxd8 15. Be3 Qa8 16. c5 Bd5 17. Rc1 Bxc5 18. Bxc5 bxc5 19. Qxc5 Qb8 20. b3 c6 21. Qd4 Qb6 22. Rc5 Rd8 23. Qe3 Qb4 24. h4 h6 25. Qc3 1/2-1/2

[Event "WY U-16 Chess Olympiad 2019"]
[Site "Corum"]
[Date "2019.10.29"]
[Round "1"]
[White "Suleymanli, Aydin"]
[Black "Gan-Erdene, Sugar"]
[Result "1-0"]
[WhiteElo "2426"]
[BlackElo "2407"]
[Annotator "TA"]
[PlyCount "105"]
[EventDate "2019.10.28"]
[EventType "team-tourn"]
[EventCountry "TUR"]
[SourceTitle "playchess.com"]
[Source "ChessBase"]
[SourceQuality "1"]

1. d4 Nf6 2. c4 g6 3. g3 Bg7 4. Bg2 O-O 5. Nc3 d6 6. Nf3 Nc6 7. O-O a6 8. Bf4 Bf5 9. Re1 Ne4 10. Nd5 e5 11. Be3 Be6 12. Rc1 f5 13. dxe5 dxe5 14. Nd2 Nd6 15. Bc5 Rf7 16. b3 Rb8 17. e4 f4 18. Nf3 Ne8 19. gxf4 exf4 20. e5 h6 21. Qd3 g5 22. Rcd1 Qc8 23. Nb4 Nxb4 24. Bxb4 c5 25. Bc3 Bf5 26. Qd5 Be6 27. Qd2 Nc7 28. Qd3 Bg4 29. h3 Bf5 30. Qf1 Ne6 31. Rd6 h5 32. Red1 g4 33. Nh4 f3 34. Nxf5 fxg2 35. Qd3 Nf4 36. Rd8+ Qxd8 37. Qxd8+ Rxd8 38. Rxd8+ Kh7 39. hxg4 hxg4 40. Nxg7 Ne2+ 41. Kxg2 Nxc3 42. Nh5 Ne4 43. e6 Rxf2+ 44. Kg1 Re2 45. e7 Re1+ 46. Kg2 Nd6 47. Rxd6 Rxe7 48. Rd7 Rxd7 49. Nf6+ Kg6 50. Nxd7 Kf5 51. Nxc5 b5 52. Nxa6 bxc4 53. bxc4 1-0

[Event "WY U-16 Chess Olympiad 2019"]
[Site "Corum"]
[Date "2019.10.29"]
[Round "1"]
[White "Spyropoulos, Nikolaos"]
[Black "Brilej, Jaka"]
[Result "1/2-1/2"]
[WhiteElo "2409"]
[BlackElo "2177"]
[Annotator "RC"]
[PlyCount "70"]
[EventDate "2019.10.28"]
[EventType "team-tourn"]
[EventCountry "TUR"]
[SourceTitle "playchess.com"]
[Source "ChessBase"]
[SourceQuality "1"]

1. e4 c5 2. Nf3 Nc6 3. Bb5 Nf6 4. Nc3 g6 5. h3 Qc7 6. d3 Bg7 7. O-O O-O 8. Bxc6 dxc6 9. Be3 b6 10. Qd2 e5 11. Nh2 Nh5 12. Rae1 Ba6 13. b3 Rad8 14. Qc1 f5 15. exf5 gxf5 16. Bh6 Rd6 17. Bxg7 Qxg7 18. Ne2 Rg6 19. g3 f4 20. Kh1 fxg3 21. fxg3 Nxg3+ 22. Nxg3 Rxg3 23. Rxf8+ Kxf8 24. d4 Qg5 25. Qxg5 Rxg5 26. dxe5 Bc8 27. h4 Rh5 28. Nf3 Bg4 29. Ng5 Rxh4+ 30. Kg2 Bf5 31. Nf3 Rg4+ 32. Kf2 Ke7 33. c3 Rg8 34. Rh1 Rg7 35. Rh6 Bg6 1/2-1/2

[Event "WY U-16 Chess Olympiad 2019"]
[Site "Corum"]
[Date "2019.10.29"]
[Round "1"]
[White "Tanriverdi, Enes"]
[Black "Vuckovic, Marko"]
[Result "1-0"]
[WhiteElo "2401"]
[BlackElo "2054"]
[Annotator "TA"]
[PlyCount "103"]
[EventDate "2019.10.28"]
[EventType "team-tourn"]
[EventCountry "TUR"]
[SourceTitle "playchess.com"]
[Source "ChessBase"]
[SourceQuality "1"]

1. e4 c5 2. Nf3 e6 3. d4 cxd4 4. Nxd4 Nc6 5. Nc3 Qc7 6. Be2 a6 7. O-O Nf6 8. Be3 Be7 9. f4 d6 10. Qe1 Nxd4 11. Bxd4 O-O 12. Kh1 b5 13. Qg3 Bb7 14. a3 Rad8 15. Rae1 Bc6 16. Bd3 Qd7 17. Re3 Nh5 18. Qf3 Nf6 19. Qg3 g6 20. Ne2 Nh5 21. Qh3 f5 22. exf5 exf5 23. Ng3 Nxg3+ 24. Rxg3 Qe6 25. Re3 Qf7 26. Bxf5 Qxf5 27. Rxe7 Rf7 28. Qxf5 gxf5 29. Re3 Be4 30. c3 Kf8 31. Kg1 d5 32. h3 h5 33. Rg3 Rh7 34. Rg6 Ra8 35. Re1 Kf7 36. Rf6+ Kg8 37. Kf2 Rg7 38. Rxe4 fxe4 39. Rf5 Rd7 40. Rxh5 Rf8 41. Ke3 Kf7 42. g4 a5 43. f5 Ke8 44. h4 b4 45. f6 bxa3 46. bxa3 Kf7 47. Rh7+ Ke6 48. Rxd7 Kxd7 49. g5 Ke6 50. g6 Rb8 51. f7 Ke7 52. Bc5+ 1-0

[Event "WY U-16 Chess Olympiad 2019"]
[Site "Corum"]
[Date "2019.10.29"]
[Round "1"]
[White "Gharibyan, Mamikon"]
[Black "Chan, Yi Meng Ryan"]
[Result "1/2-1/2"]
[WhiteElo "2388"]
[BlackElo "2130"]
[Annotator "ChessBase"]
[PlyCount "102"]
[EventDate "2019.10.28"]
[EventType "team-tourn"]
[EventCountry "TUR"]
[SourceTitle "playchess.com"]
[Source "ChessBase"]
[SourceQuality "1"]

1. d4 d5 2. c4 e6 3. Nc3 Be7 4. Nf3 Nf6 5. Bg5 Nbd7 6. Rc1 a6 7. c5 c6 8. e3 h6 9. Bh4 O-O 10. Bd3 Re8 11. h3 e5 12. dxe5 Nh7 13. Bxe7 Qxe7 14. O-O Nxe5 15. Nxe5 Qxe5 16. e4 Nf6 17. exd5 Nxd5 18. Nxd5 Qxd5 19. Bc4 Qg5 20. Qb3 Re7 21. Rfe1 Bf5 22. Rcd1 Bg6 23. Rxe7 Qxe7 24. Rd6 Kh7 25. Qe3 Qf8 26. Rd7 Re8 27. Qg3 Qxc5 28. Bxf7 Bxf7 29. Rxf7 Qc1+ 30. Kh2 Qxb2 31. Qd3+ Kg8 32. Qd7 Rf8 33. Re7 c5 34. Qd5+ Kh8 35. Qxb7 Qxb7 36. Rxb7 Rxf2 37. Rc7 Rxa2 38. Rxc5 Ra3 39. Rc8+ Kh7 40. Rc6 Kg8 41. Rc7 a5 42. Ra7 a4 43. Kg1 Ra1+ 44. Kh2 a3 45. Kg3 a2 46. Kh2 Kf8 47. Ra8+ Ke7 48. Ra7+ Kd6 49. Ra6+ Kc5 50. Ra8 Kb6 51. Ra3 Kb5 1/2-1/2

[Event "WY U-16 Chess Olympiad 2019"]
[Site "Corum"]
[Date "2019.10.29"]
[Round "1"]
[White "Nogerbek, Kazybek"]
[Black "Babazada, Khazar"]
[Result "1/2-1/2"]
[WhiteElo "2387"]
[BlackElo "2408"]
[Annotator "ChessBase"]
[PlyCount "42"]
[EventDate "2019.10.28"]
[EventType "team-tourn"]
[EventCountry "TUR"]
[SourceTitle "playchess.com"]
[Source "ChessBase"]
[SourceQuality "1"]

1. d4 Nf6 2. c4 g6 3. Nc3 d5 4. Bf4 Bg7 5. e3 c5 6. dxc5 Qa5 7. Rc1 dxc4 8. Bxc4 O-O 9. Nf3 Nc6 10. O-O Bg4 11. h3 Rad8 12. Qe2 Bxf3 13. Qxf3 Qxc5 14. Bb3 Qa5 15. Rfd1 Rxd1+ 16. Rxd1 Rd8 17. Nd5 Nxd5 18. Bxd5 e6 19. Bxc6 bxc6 20. Rxd8+ Qxd8 21. Qxc6 Bxb2 1/2-1/2

[Event "WY U-16 Chess Olympiad 2019"]
[Site "Corum"]
[Date "2019.10.29"]
[Round "1"]
[White "Makarian, Rudik"]
[Black "Shirliyev, Allayar"]
[Result "1/2-1/2"]
[WhiteElo "2386"]
[BlackElo "2149"]
[Annotator "ChessBase"]
[PlyCount "82"]
[EventDate "2019.10.28"]
[EventType "team-tourn"]
[EventCountry "TUR"]
[SourceTitle "playchess.com"]
[Source "ChessBase"]
[SourceQuality "1"]

1. Nf3 Nf6 2. c4 e6 3. Nc3 d5 4. d4 Be7 5. Bf4 O-O 6. e3 c6 7. c5 Nbd7 8. Bd3 Nh5 9. O-O Nxf4 10. exf4 b6 11. b4 a5 12. a3 Ba6 13. Bxa6 Rxa6 14. Qe2 Qa8 15. Rac1 axb4 16. axb4 bxc5 17. bxc5 Bf6 18. g4 g6 19. Ne5 Bxe5 20. fxe5 Rb8 21. Rb1 Ra3 22. Rxb8+ Qxb8 23. Rb1 Rb3 24. Qc2 Rxb1+ 25. Qxb1 Qxb1+ 26. Nxb1 f6 27. exf6 e5 28. Nd2 exd4 29. Nf3 d3 30. Kf1 Nxc5 31. Ne5 Ne6 32. Nxc6 Nf4 33. Ke1 Kf7 34. g5 Nh3 35. Ne5+ Ke6 36. Nf3 Kf7 37. Ne5+ Ke6 38. Nf3 Kf7 39. Kd2 Nxf2 40. h4 Ng4 41. Kxd3 h6 1/2-1/2

[Event "WY U-16 Chess Olympiad 2019"]
[Site "Corum"]
[Date "2019.10.29"]
[Round "1"]
[White "Stoyanov, Tsvetan"]
[Black "Onufrienko, Vladislav"]
[Result "1-0"]
[WhiteElo "2377"]
[BlackElo "1780"]
[Annotator "ChessBase"]
[PlyCount "69"]
[EventDate "2019.10.28"]
[EventType "team-tourn"]
[EventCountry "TUR"]
[SourceTitle "playchess.com"]
[Source "ChessBase"]
[SourceQuality "1"]

1. e4 e6 2. d3 d5 3. Nd2 Nf6 4. Ngf3 c5 5. g3 Nc6 6. Bg2 Be7 7. O-O O-O 8. Re1 b5 9. e5 Ne8 10. Nf1 Nc7 11. h4 a5 12. N1h2 b4 13. Ng4 a4 14. h5 f5 15. exf6 Bxf6 16. Nfe5 Nxe5 17. Nxe5 a3 18. bxa3 Bxe5 19. Rxe5 Qf6 20. Qe1 bxa3 21. Bg5 Qf7 22. h6 g6 23. Rb1 Na6 24. Bf4 Nb4 25. Qc3 Nxa2 26. Qxc5 Qa7 27. Rxd5 exd5 28. Bxd5+ Rf7 29. Qd6 Qd7 30. Qe5 Qxd5 31. Qxd5 Nc3 32. Qxa8 Nxb1 33. Qxc8+ Rf8 34. Qe6+ Rf7 35. Qb3 1-0

[Event "WY U-16 Chess Olympiad 2019"]
[Site "Corum"]
[Date "2019.10.29"]
[Round "1"]
[White "Sahidi, Samir"]
[Black "de Jager, Andreas"]
[Result "1-0"]
[WhiteElo "2374"]
[BlackElo "1728"]
[Annotator "ChessBase"]
[PlyCount "89"]
[EventDate "2019.10.28"]
[EventType "team-tourn"]
[EventCountry "TUR"]
[SourceTitle "playchess.com"]
[Source "ChessBase"]
[SourceQuality "1"]

1. e4 c5 2. Nf3 Nc6 3. Bb5 g6 4. O-O Bg7 5. c3 Nf6 6. Re1 O-O 7. h3 a6 8. Bf1 d5 9. e5 Nd7 10. d4 f6 11. e6 Ndb8 12. dxc5 Ne5 13. Nd4 b6 14. cxb6 Qxb6 15. Qb3 Qd6 16. Qa3 Rd8 17. Qxd6 Rxd6 18. Na3 g5 19. Rd1 Nbc6 20. Nac2 Bb7 21. b3 Nxd4 22. Nxd4 Bf8 23. Ba3 Rdd8 24. Nf5 Ng6 25. g3 Re8 26. Bg2 Rab8 27. Bxd5 Bxd5 28. Rxd5 Rb6 29. Nd4 Rc8 30. c4 Ne5 31. Kg2 Ng6 32. c5 Rb7 33. Rd7 Rbc7 34. Rxc7 Rxc7 35. Rc1 h5 36. Bb4 h4 37. Ba5 Rc8 38. c6 hxg3 39. fxg3 Ne5 40. c7 Nd3 41. Rc6 g4 42. hxg4 Ne5 43. Rxa6 Nxg4 44. Kf3 Ne5+ 45. Ke4 1-0

[Event "WY U-16 Chess Olympiad 2019"]
[Site "Corum"]
[Date "2019.10.29"]
[Round "1"]
[White "Lazavik, Denis"]
[Black "Singh, Eshwant"]
[Result "1-0"]
[WhiteElo "2368"]
[BlackElo "1910"]
[Annotator "RC"]
[PlyCount "91"]
[EventDate "2019.10.28"]
[EventType "team-tourn"]
[EventCountry "TUR"]
[SourceTitle "playchess.com"]
[Source "ChessBase"]
[SourceQuality "1"]

1. d4 Nf6 2. c4 g6 3. g3 c6 4. Bg2 d5 5. b3 dxc4 6. bxc4 e5 7. Nf3 exd4 8. O-O c5 9. e3 Bg7 10. exd4 O-O 11. Ba3 Re8 12. Bxc5 Ne4 13. Ba3 Nc6 14. Nbd2 Nc3 15. Qb3 Ne2+ 16. Kh1 Nexd4 17. Nxd4 Nxd4 18. Qd1 Bf5 19. Bb2 Bc2 20. Qc1 Bd3 21. Bxd4 Bxd4 22. Rb1 Bxb1 23. Qxb1 Bg7 24. Bd5 Rb8 25. Qb3 Qe7 26. Nf3 Qf6 27. Kg2 Re2 28. h4 h6 29. Nh2 Rb2 30. Qa4 a6 31. Qd7 h5 32. Nf3 Re2 33. Qc7 Ree8 34. Ng5 Rec8 35. Qd7 Rf8 36. Re1 Bh6 37. Re7 Bxg5 38. hxg5 Qg7 39. Qd6 Rbd8 40. Qb6 Rde8 41. Bxf7+ Rxf7 42. Rxe8+ Kh7 43. Qe6 Rc7 44. Qe4 Qf7 45. Re6 Kg7 46. Rf6 1-0

[Event "WY U-16 Chess Olympiad 2019"]
[Site "Corum"]
[Date "2019.10.29"]
[Round "1"]
[White "Nurmamedov, Azat"]
[Black "Murzin, Volodar"]
[Result "1/2-1/2"]
[WhiteElo "2368"]
[BlackElo "2433"]
[Annotator "TA"]
[PlyCount "100"]
[EventDate "2019.10.28"]
[EventType "team-tourn"]
[EventCountry "TUR"]
[SourceTitle "playchess.com"]
[Source "ChessBase"]
[SourceQuality "1"]

1. Nf3 d5 2. g3 c6 3. Bg2 Bg4 4. O-O Nf6 5. d4 e6 6. c4 Be7 7. Qb3 Qb6 8. c5 Qxb3 9. axb3 Nbd7 10. Nc3 O-O 11. b4 a6 12. Nd2 e5 13. Nb3 exd4 14. Nxd4 a5 15. bxa5 Nxc5 16. Be3 Na6 17. h3 Be6 18. Na4 Nd7 19. Rfc1 Rfe8 20. Nb3 Bf5 21. Nb6 Rad8 22. Nxd7 Rxd7 23. Kf1 Bd6 24. Nc5 Bxc5 25. Bxc5 Be4 26. e3 Bxg2+ 27. Kxg2 Re4 28. Bd4 Rc7 29. Ra3 f6 30. Rb3 Kf7 31. Bb6 Rd7 32. Bd4 Re8 33. Rb6 Rc7 34. b4 Nb8 35. b5 Nd7 36. Rxb7 Rxb7 37. bxc6 Rc7 38. cxd7 Rxc1 39. dxe8=Q+ Kxe8 40. a6 Rc2 41. a7 Ra2 42. g4 Kd7 43. Kg3 Ke6 44. h4 g6 45. f3 Ra4 46. Kf4 h6 47. Kg3 Ra2 48. Bc5 Ra4 49. Bd4 Ra2 50. Bc5 Ra4 1/2-1/2

[Event "WY U-16 Chess Olympiad 2019"]
[Site "Corum"]
[Date "2019.10.29"]
[Round "1"]
[White "Yu, Kaifeng"]
[Black "Thenuwara, Rashmika"]
[Result "1-0"]
[WhiteElo "2367"]
[BlackElo "1507"]
[Annotator "ChessBase"]
[PlyCount "67"]
[EventDate "2019.10.28"]
[EventType "team-tourn"]
[EventCountry "TUR"]
[SourceTitle "playchess.com"]
[Source "ChessBase"]
[SourceQuality "1"]

1. d4 d5 2. c4 e6 3. Nf3 Nf6 4. Nc3 c6 5. e3 Nbd7 6. Bd3 Bd6 7. e4 dxe4 8. Nxe4 Nxe4 9. Bxe4 Nf6 10. Bc2 Bb4+ 11. Bd2 Qa5 12. O-O Bxd2 13. Nxd2 Qb6 14. c5 Qc7 15. Qf3 O-O 16. Ne4 Nxe4 17. Qxe4 g6 18. Rac1 Rd8 19. Rfd1 Qd7 20. Bb3 Rf8 21. Rd3 Qd8 22. Qe5 f6 23. Qf4 Kh8 24. Re3 g5 25. Qe4 f5 26. Qd3 Qf6 27. Rce1 Rd8 28. Bxe6 Bxe6 29. Rxe6 Qf7 30. Re7 Qf6 31. Qh3 h6 32. R1e6 Rxd4 33. g3 Rd1+ 34. Kg2 1-0

[Event "WY U-16 Chess Olympiad 2019"]
[Site "Corum"]
[Date "2019.10.29"]
[Round "1"]
[White "Manafov, Vugar"]
[Black "Tengis, Tsog-Ochir"]
[Result "1/2-1/2"]
[WhiteElo "2357"]
[BlackElo "2111"]
[Annotator "ChessBase"]
[PlyCount "58"]
[EventDate "2019.10.28"]
[EventType "team-tourn"]
[EventCountry "TUR"]
[SourceTitle "playchess.com"]
[Source "ChessBase"]
[SourceQuality "1"]

1. d4 Nf6 2. c4 g6 3. g3 c6 4. Bg2 d5 5. cxd5 cxd5 6. Nf3 Bg7 7. O-O O-O 8. Ne5 Ne4 9. Nd2 Nxd2 10. Bxd2 Nd7 11. Nxd7 Bxd7 12. Bxd5 Bh3 13. Bxb7 Rb8 14. Bg2 Bxg2 15. Kxg2 Rxb2 16. Bc3 Qd5+ 17. Kg1 Rxa2 18. e3 Rc8 19. Bb4 Bf6 20. Rxa2 Qxa2 21. Qa1 Qc4 22. Bd2 Qe2 23. Bb4 Qc4 24. Bd2 Qe2 25. Bb4 Qb5 26. Qa3 e5 27. Qxa7 exd4 28. exd4 Qxb4 29. Qa6 Rd8 1/2-1/2

[Event "WY U-16 Chess Olympiad 2019"]
[Site "Corum"]
[Date "2019.10.29"]
[Round "1"]
[White "Berdnyk, Mariia"]
[Black "Mai, Alexander Oliver"]
[Result "1/2-1/2"]
[WhiteElo "2349"]
[BlackElo "2085"]
[Annotator "TA"]
[PlyCount "115"]
[EventDate "2019.10.28"]
[EventType "team-tourn"]
[EventCountry "TUR"]
[SourceTitle "playchess.com"]
[Source "ChessBase"]
[SourceQuality "1"]

1. Nf3 Nf6 2. g3 g6 3. Bg2 Bg7 4. O-O O-O 5. c4 d6 6. Nc3 e5 7. d3 Nc6 8. Rb1 a5 9. a3 Re8 10. e4 Bg4 11. h3 Bxf3 12. Bxf3 Nd4 13. Bg2 c6 14. Be3 Qc7 15. Ne2 Nd7 16. f4 a4 17. f5 Qa5 18. g4 b5 19. cxb5 Qxb5 20. g5 Nc5 21. Bxd4 exd4 22. f6 Bf8 23. Nxd4 Qxd3 24. Qxd3 Nxd3 25. Nxc6 Rac8 26. Rfd1 Nf4 27. Nb4 Nxg2 28. Kxg2 Rxe4 29. Re1 Rxe1 30. Rxe1 Rc5 31. h4 h6 32. gxh6 Bxh6 33. Re8+ Kh7 34. Re7 Kg8 35. Rd7 Bc1 36. Nd3 Rc2+ 37. Kf3 Bxb2 38. Nxb2 Rxb2 39. Rxd6 Rh2 40. Kg3 Ra2 41. Rd3 Kh7 42. Kg4 Rf2 43. Rd6 Rf5 44. Ra6 Kg8 45. h5 Rxh5 46. Ra8+ Kh7 47. Rf8 Rf5 48. Rxf7+ Kh8 49. Ra7 Rxf6 50. Kg5 Rf3 51. Rxa4 Rg3+ 52. Kf6 Kh7 53. Rh4+ Kg8 54. a4 g5 55. Rd4 Rg1 56. a5 Ra1 57. Rd5 g4 58. Rg5+ 1/2-1/2

[Event "WY U-16 Chess Olympiad 2019"]
[Site "Corum"]
[Date "2019.10.29"]
[Round "1"]
[White "Garifullina, Leya"]
[Black "Halynyazow, Vepaly"]
[Result "0-1"]
[WhiteElo "2330"]
[BlackElo "1903"]
[Annotator "TA"]
[PlyCount "52"]
[EventDate "2019.10.28"]
[EventType "team-tourn"]
[EventCountry "TUR"]
[SourceTitle "playchess.com"]
[Source "ChessBase"]
[SourceQuality "1"]

1. e4 c5 2. Nf3 Nc6 3. Bb5 g6 4. Bxc6 dxc6 5. d3 Bg7 6. h3 Nf6 7. Nc3 O-O 8. Be3 Nd7 9. Qd2 Re8 10. Bh6 Bh8 11. h4 c4 12. h5 e5 13. hxg6 fxg6 14. O-O-O b5 15. dxc4 Qa5 16. cxb5 Nb6 17. Ng5 Nc4 18. Qd3 Qb4 19. Rdf1 Qxb2+ 20. Kd1 Bg4+ 21. Ke1 Na3 22. f3 Rad8 23. Nd5 Nxc2+ 24. Ke2 Nd4+ 25. Ke1 Nc2+ 26. Ke2 cxd5 0-1

[Event "WY U-16 Chess Olympiad 2019"]
[Site "Corum"]
[Date "2019.10.29"]
[Round "1"]
[White "Ke, Ivan"]
[Black "Aydin, Gulenay"]
[Result "1-0"]
[WhiteElo "2321"]
[BlackElo "1918"]
[Annotator "TA"]
[PlyCount "119"]
[EventDate "2019.10.28"]
[EventType "team-tourn"]
[EventCountry "TUR"]
[SourceTitle "playchess.com"]
[Source "ChessBase"]
[SourceQuality "1"]

1. d4 Nf6 2. c4 g6 3. Nf3 Bg7 4. g3 O-O 5. Bg2 d5 6. cxd5 Nxd5 7. O-O Nc6 8. e4 Nb6 9. d5 Ne5 10. Nd4 c5 11. Nc2 Nec4 12. Nc3 e6 13. Ne3 exd5 14. exd5 Nd6 15. Qc2 Bd7 16. b3 Rc8 17. Bb2 Nf5 18. Nxf5 Bxf5 19. Qd2 Qd7 20. a4 Bh3 21. a5 Bxg2 22. Kxg2 Na8 23. Kg1 Rcd8 24. Rad1 Nc7 25. Ne4 Qxd5 26. Qh6 Bxb2 27. Ng5 Qxg5 28. Qxg5 Ne6 29. Qe7 Bd4 30. Qxb7 Rb8 31. Qf3 Rb5 32. Qd5 Rfb8 33. Rd3 Rxa5 34. Re1 Ra6 35. Rf3 Rab6 36. h4 Rd8 37. Qc4 a5 38. Re2 Rdb8 39. Ra2 Rb4 40. Qd5 R4b5 41. Kh2 Rd8 42. Qc4 Rb4 43. Qa6 Rdb8 44. Re2 R4b6 45. Qc4 Rb4 46. Qd5 R4b6 47. Rd3 Rd8 48. Qc4 Rdb8 49. f4 Rb4 50. Qc2 a4 51. bxa4 c4 52. Rd1 Rb2 53. Qe4 c3 54. Kh3 Rxe2 55. Qxe2 Rb2 56. Qd3 Ra2 57. Qc4 Rf2 58. Rxd4 Nxd4 59. Qxd4 c2 60. Qc3 1-0

[Event "WY U-16 Chess Olympiad 2019"]
[Site "Corum"]
[Date "2019.10.29"]
[Round "1"]
[White "Cardoso Cardoso, Jose Gabriel"]
[Black "Iskakbaev, Ibraim"]
[Result "1-0"]
[WhiteElo "2313"]
[BlackElo "1741"]
[Annotator "ChessBase"]
[PlyCount "50"]
[EventDate "2019.10.28"]
[EventType "team-tourn"]
[EventCountry "TUR"]
[SourceTitle "playchess.com"]
[Source "ChessBase"]
[SourceQuality "1"]

1. d4 Nf6 2. c4 g6 3. Nc3 Bg7 4. e4 d6 5. Nf3 O-O 6. h3 e5 7. d5 a5 8. g4 Na6 9. Be3 Nc5 10. Nd2 Ne8 11. h4 f5 12. g5 f4 13. Bxc5 dxc5 14. Qf3 Bd7 15. Bh3 c6 16. h5 Nc7 17. O-O-O Bxh3 18. Qxh3 Qc8 19. Qh4 Qe8 20. Nf3 Rd8 21. hxg6 Qxg6 22. Qg4 Qf7 23. Nh4 Qd7 24. Nf5 Rf7 25. dxc6 Qe8 1-0

[Event "WY U-16 Chess Olympiad 2019"]
[Site "Corum"]
[Date "2019.10.29"]
[Round "1"]
[White "Milosevic, Milos"]
[Black "Kilic, Eray"]
[Result "0-1"]
[WhiteElo "2312"]
[BlackElo "2001"]
[Annotator "ChessBase"]
[PlyCount "68"]
[EventDate "2019.10.28"]
[EventType "team-tourn"]
[EventCountry "TUR"]
[SourceTitle "playchess.com"]
[Source "ChessBase"]
[SourceQuality "1"]

1. Nf3 c5 2. b3 d5 3. Bb2 Nc6 4. g3 Nf6 5. Bg2 g6 6. O-O Bg7 7. c4 d4 8. e3 O-O 9. exd4 cxd4 10. Re1 Ng4 11. d3 Nge5 12. Nxe5 Nxe5 13. h3 Bf5 14. Bf1 Qa5 15. Rxe5 Bxe5 16. Na3 Bd7 17. Nc2 Qb6 18. Qe2 Bf6 19. b4 e5 20. a4 a6 21. h4 Rfe8 22. Bg2 Bc6 23. f3 h5 24. Qe1 Bg7 25. Kh2 Bd7 26. b5 axb5 27. axb5 Bf5 28. Nb4 Qd6 29. Rc1 Rec8 30. Qd2 Bh6 31. Qxh6 Qxb4 32. Rc2 Ra2 33. Bxd4 exd4 34. Rxa2 Bxd3 0-1

[Event "WY U-16 Chess Olympiad 2019"]
[Site "Corum"]
[Date "2019.10.29"]
[Round "1"]
[White "Juksta, Karolis"]
[Black "Booysen, Tineke"]
[Result "1-0"]
[WhiteElo "2310"]
[BlackElo "1310"]
[Annotator "TA"]
[PlyCount "85"]
[EventDate "2019.10.28"]
[EventType "team-tourn"]
[EventCountry "TUR"]
[SourceTitle "playchess.com"]
[Source "ChessBase"]
[SourceQuality "1"]

1. d4 d5 2. c4 e6 3. Nc3 Nf6 4. cxd5 exd5 5. Bg5 Be7 6. e3 c6 7. Bd3 Nbd7 8. Qc2 O-O 9. Nf3 Re8 10. O-O h6 11. Bh4 Ne4 12. Bxe7 Qxe7 13. Bxe4 dxe4 14. Nd2 Nf6 15. Rab1 g6 16. Rfc1 Bf5 17. Ne2 Nd5 18. Ng3 Nb4 19. Nxf5 gxf5 20. Qc4 Nd3 21. Rd1 Qg5 22. g3 h5 23. Nb3 f4 24. exf4 Nxf4 25. Re1 Nd5 26. Nc5 e3 27. Qf1 h4 28. Qg2 exf2+ 29. Qxf2 b6 30. Nd3 Ne3 31. Ne5 Nf5 32. Rf1 Nh6 33. Nxf7 Nxf7 34. Qxf7+ Kh8 35. Qf6+ Qxf6 36. Rxf6 hxg3 37. hxg3 Rg8 38. Kg2 Rac8 39. Rh1+ Kg7 40. Rhf1 a5 41. R6f4 Rgf8 42. Rg4+ Kh7 43. Rh1# 1-0

[Event "WY U-16 Chess Olympiad 2019"]
[Site "Corum"]
[Date "2019.10.29"]
[Round "1"]
[White "Uzumcu, Ahmet Utku"]
[Black "Deng Yu Dong Michael"]
[Result "1-0"]
[WhiteElo "2304"]
[BlackElo "2130"]
[Annotator "TA"]
[PlyCount "86"]
[EventDate "2019.10.28"]
[EventType "team-tourn"]
[EventCountry "TUR"]
[SourceTitle "playchess.com"]
[Source "ChessBase"]
[SourceQuality "1"]

1. e4 c5 2. Nf3 d6 3. d4 cxd4 4. Nxd4 Nf6 5. Nc3 a6 6. g3 e5 7. Nde2 Be7 8. Bg2 h6 9. h3 Be6 10. a4 Nbd7 11. g4 Rc8 12. O-O O-O 13. Ng3 Nb6 14. Nf5 Bxf5 15. exf5 Qc7 16. a5 Nc4 17. Nd5 Nxd5 18. Qxd5 b5 19. Qb7 d5 20. Bxd5 Qd6 21. Bg2 Rc7 22. Qe4 Rd8 23. Re1 Bf6 24. c3 Qc5 25. Qc2 Rcd7 26. Qe2 Bh4 27. b4 Qa7 28. Ra2 Rd3 29. Rc2 Bg5 30. Bxg5 hxg5 31. Rf1 Qd7 32. Rcc1 Rd2 33. Qe4 Qd3 34. Qxd3 R8xd3 35. Rfe1 Kf8 36. Bf1 Rf3 37. Re2 Rxe2 38. Bxe2 Rxh3 39. Kg2 Rh6 40. Bxc4 bxc4 41. Re1 Rd6 42. Rxe5 Rc6 43. Kf3 f6 1-0

[Event "WY U-16 Chess Olympiad 2019"]
[Site "Corum"]
[Date "2019.10.29"]
[Round "1"]
[White "Csiki, Endre"]
[Black "Pheephacharakan, Pinatpong"]
[Result "1-0"]
[WhiteElo "2287"]
[BlackElo "1785"]
[Annotator "ChessBase"]
[PlyCount "54"]
[EventDate "2019.10.28"]
[EventType "team-tourn"]
[EventCountry "TUR"]
[SourceTitle "playchess.com"]
[Source "ChessBase"]
[SourceQuality "1"]

1. e4 e6 2. d4 d5 3. Nd2 Be7 4. e5 c5 5. c3 cxd4 6. cxd4 Nc6 7. Bd3 Bd7 8. Ne2 Rc8 9. Nf3 Nh6 10. Bxh6 gxh6 11. O-O Qb6 12. Qd2 Qb4 13. Qxh6 Qxb2 14. Rfb1 Qa3 15. Rb3 Qa5 16. Qg7 Rf8 17. Bxh7 Nb4 18. h4 Nc2 19. Bxc2 Rxc2 20. Ng3 b5 21. h5 Rxa2 22. Rab1 Qc7 23. Ne1 Kd8 24. h6 Kc8 25. h7 Qd8 26. Nh5 a5 27. Rg3 Bh4 1-0

[Event "WY U-16 Chess Olympiad 2019"]
[Site "Corum"]
[Date "2019.10.29"]
[Round "1"]
[White "Hua, Eugene"]
[Black "Mhango, Banele"]
[Result "1-0"]
[WhiteElo "2285"]
[BlackElo "2010"]
[Annotator "ChessBase"]
[PlyCount "92"]
[EventDate "2019.10.28"]
[EventType "team-tourn"]
[EventCountry "TUR"]
[SourceTitle "playchess.com"]
[Source "ChessBase"]
[SourceQuality "1"]

1. c4 Nf6 2. g3 g6 3. Bg2 Bg7 4. Nc3 c5 5. Nf3 O-O 6. d4 d6 7. O-O Nc6 8. dxc5 dxc5 9. Be3 Qa5 10. Qb3 Ng4 11. Bd2 Nd4 12. Nxd4 cxd4 13. Qb5 Qd8 14. Nd5 e6 15. Ba5 Qd7 16. Nf4 Ne5 17. Rac1 Nc6 18. Bd2 Rb8 19. Nd3 Qc7 20. b4 e5 21. Qa4 Bg4 22. Rfe1 Qc8 23. b5 Nd8 24. c5 a6 25. bxa6 bxa6 26. c6 Ne6 27. Bb4 Re8 28. Bd6 Rb5 29. c7 Bh6 30. Rc6 e4 31. Ne5 Bxe2 32. Bxe4 Rxe5 33. Bxe5 Bb5 34. Qb3 d3 35. Bb2 d2 36. Rd1 Nd4 37. Bxd4 Rxe4 38. Rf6 Re1+ 39. Kg2 Bf1+ 40. Kf3 Qa8+ 41. Kg4 Re4+ 42. f4 Be2+ 43. Kh3 Qc8+ 44. Kg2 Qxc7 45. Rxd2 Bc4 46. Qb6 Qd7 1-0